U.S. States Shapes #1 - Statistics

General Stats
  • This quiz has been taken 29 times
  • The average score is 21 of 25
Answer Stats
Picture Answer % Correct
Hawaii
100%
Texas
100%
Florida
95%
Virginia
95%
Alabama
91%
Colorado
91%
Maryland
91%
Nevada
91%
Delaware
86%
Illinois
86%
Kentucky
86%
Massachusetts
86%
Pennsylvania
86%
Tennessee
86%
Washington
86%
Indiana
82%
Minnesota
82%
Utah
82%
Vermont
82%
Arkansas
77%
Missouri
77%
Montana
77%
New Mexico
77%
Rhode Island
77%
Arizona
73%
No matching quizzes found
Score Distribution
Percent of People with Each Score
Percentile by Number Answered
Your Score History
You have not taken this quiz